| 000 | 00530nam a2200181 i 4500 | ||
|---|---|---|---|
| 001 | 90862 | ||
| 003 | ES-MaACL | ||
| 005 | 20230906180558.0 | ||
| 007 | t| | ||
| 008 | 050125s1968 sp ||||1| spa d | ||
| 100 | 1 |
_aLecron, Leslie M. _971119 |
|
| 245 | 1 | 0 |
_aEmpiece a vivir hoy / _cLeslie M. Lecron ; [traducción al español, Joaquín Llinas]. |
| 250 | _a[1ª ed.]. | ||
| 260 |
_aBarcelona : _bBruguera, _c[1968] |
||
| 300 |
_a224 p. ; _c22 cm. |
||
| 700 | 1 |
_aLlinas, Joaquín. _972786 |
|
| 852 |
_aES-MaACL _jC-50456 _bR.65447 |
||
| 999 |
_c90862 _d90862 |
||